[Event "Int SVK-ch Open 2020"]
[Site "Drienica"]
[Date "2020.08.15"]
[Round "8.5"]
[White "Priechodsky, Radovan"]
[Black "Juhar, Roman"]
[Result "0-1"]
[WhiteElo "1975"]
[BlackElo "2225"]
[Annotator "ChessBase"]
[PlyCount "120"]
[EventDate "2020.08.07"]
[EventType "swiss"]
[EventCountry "SVK"]
[TimeControl "40/5400+30:1800+30"]

1. d4 {[%emt 0:00:00]} g6 {[%emt 0:00:00]} 2. g3 {[%emt 0:00:32]} Bg7 {[%emt 0:00:00]} 3. Bg2 {[%emt 0:00:04]} e6 {[%emt 0:00:16]} 4. e3 {[%emt 0:00:24]} Ne7 {[%emt 0:00:09]} 5. c4 {[%emt 0:00:28]} d5 {[%emt 0:00:33]} 6. cxd5 {[%emt 0:01:24]} exd5 {[%emt 0:01:42]} 7. Nc3 {[%emt 0:01:53]} c6 {[%emt 0:00:18]} 8. Nf3 {[%emt 0:01:21]} O-O {[%emt 0:00:33]} 9. O-O {[%emt 0:00:34]} Bg4 {[%emt 0:02:34]} 10. h3 {[%emt 0:05:48]} Bxf3 {[%emt 0:00:16]} 11. Bxf3 {[%emt 0:00:54]} f5 {[%emt 0:00:06]} 12. b4 {[%emt 0:07:32]} a6 {[%emt 0:02:55]} 13. a4 {[%emt 0:01:45]} Nd7 {[%emt 0:00:58]} 14. Ba3 {[%emt 0:14:58]} b5 {[%emt 0:00:55]} 15. axb5 {[%emt 0:05:10]} axb5 {[%emt 0:00:09]} 16. Qc2 {[%emt 0:00:20]} Nb6 {[%emt 0:00:22]} 17. Bb2 {[%emt 0:00:11]} Qd6 {[%emt 0:00:18]} 18. Rfb1 {[%emt 0:05:58]} Nc4 {[%emt 0:00:47]} 19. Rxa8 {[%emt 0:01:33]} Rxa8 {[%emt 0:00:10]} 20. Bc1 {[%emt 0:00:22]} Nc8 {[%emt 0:01:28]} 21. Be2 {[%emt 0:01:47]} N8b6 {[%emt 0:00:18]} 22. Bd3 {[%emt 0:02:39]} h5 {[%emt 0:07:23]} 23. h4 {[%emt 0:01:57]} Bh6 {[%emt 0:08:15]} 24. Bxc4 {[%emt 0:19:30]} Nxc4 {[%emt 0:01:36]} 25. e4 {[%emt 0:00:52]} Bxc1 {[%emt 0:17:13]} 26. e5 {[%emt 0:00:10]} Qf8 {[%emt 0:00:25]} 27. Qxc1 {[%emt 0:00:35]} f4 {[%emt 0:03:12]} 28. Qxf4 {[%emt 0:05:54]} Qxf4 {[%emt 0:00:11]} 29. gxf4 {[%emt 0:00:08]} Nd2 {[%emt 0:01:39]} 30. Rc1 {[%emt 0:01:30]} Nf3+ {[%emt 0:00:39]} 31. Kf1 {[%emt 0:00:50]} Nxh4 {[%emt 0:05:52]} 32. Ne2 {[%emt 0:03:49]} Ra6 {[%emt 0:00:18]} 33. Ng3 {[%emt 0:04:13]} Nf3 {[%emt 0:00:46]} 34. Rd1 {[%emt 0:03:54]} Ra2 {[%emt 0:01:29]} 35. Kg2 {[%emt 0:07:23]} Nd2 {[%emt 0:02:26]} 36. Kh3 {[%emt 0:00:30]} Kf7 {[%emt 0:00:35]} 37. f5 {[%emt 0:00:08]} gxf5 {[%emt 0:01:47]} 38. Nxf5 {[%emt 0:00:14]} Ne4 {[%emt 0:01:11]} 39. Nd6+ {[%emt 0:00:32]} Nxd6 {[%emt 0:00:05]} 40. exd6 {[%emt 0:00:09]} Ke6 {[%emt 0:00:17]} 41. f4 {[%emt 0:30:40]} Kxd6 {[%emt 0:33:35]} 42. Kh4 {[%emt 0:00:00]} Ke6 {[%emt 0:00:00]} 43. Rc1 {[%emt 0:00:00]} Kf5 {[%emt 0:00:00]} 44. Rxc6 {[%emt 0:00:00]} Kxf4 {[%emt 0:00:00]} 45. Kh3 {[%emt 0:00:00]} Rb2 {[%emt 0:00:00]} 46. Rc5 {[%emt 0:00:00]} Rxb4 {[%emt 0:00:00]} 47. Rxd5 {[%emt 0:00:00]} Ke4 {[%emt 0:00:00]} 48. Rxh5 {[%emt 0:00:00]} Kxd4 {[%emt 0:00:00]} 49. Kg2 {[%emt 0:00:00]} Rb2+ {[%emt 0:00:00]} 50. Kf1 {[%emt 0:00:00]} b4 {[%emt 0:00:00]} 51. Ke1 {[%emt 0:00:00]} Kc3 {[%emt 0:00:00]} 52. Rc5+ {[%emt 0:00:00]} Kb3 {[%emt 0:00:00]} 53. Kd1 {[%emt 0:00:00]} Rb1+ {[%emt 0:00:00]} 54. Kd2 {[%emt 0:00:00]} Ka2 {[%emt 0:00:00]} 55. Ra5+ {[%emt 0:02:02]} Kb2 {[%emt 0:00:00]} 56. Rb5 {[%emt 0:02:56]} b3 {[%emt 0:00:00]} 57. Rb7 {[%emt 0:00:54]} Rh1 {[%emt 0:00:00]} 58. Rb8 {[%emt 0:00:43]} Ka2 {[%emt 0:00:00]} 59. Kc3 {[%emt 0:00:49]} Rc1+ {[%emt 0:00:00]} 60. Kd2 {[%emt 0:00:15]} b2 {[%emt 0:00:00]} 0-1

[Event "Int SVK-ch Open 2020"]
[Site "Drienica"]
[Date "2020.08.14"]
[Round "8.5"]
[White "Ivanecka, Natalia"]
[Black "Geffert, Peter"]
[Result "1/2-1/2"]
[WhiteElo "1641"]
[BlackElo "1857"]
[Annotator "NA RC"]
[PlyCount "68"]
[EventDate "2020.08.07"]
[EventType "swiss"]
[EventCountry "SVK"]
[SourceTitle "playchess.com"]
[Source "ChessBase"]
[SourceQuality "1"]
[TimeControl "40/5400+30:1800+30"]

{[%evp 10,67,14,12,9,32767,27,32767,27,32767,20,-3,32767,32767,32767,32767,110,-42,32767,32767,32767,32767,32767,32767,32767,32767,32767,32767,32767,32767,32767,-80,0,-254,-31,-143,32767,190,32767,32767,-68,-42,-47,32767,32767,-39,-51,-35,32767,32767,-38,-83,-97,-91,-37,-55,-31,-43,0,-15]} 1. e4 {[%emt 0:00:00]} c5 {[%emt 0:00:00]} 2. Nf3 {[%emt 0:00:00]} d6 {[%emt 0:00:00]} 3. d4 {[%emt 0:00:00]} cxd4 {[%emt 0:00:00]} 4. Nxd4 {[%emt 0:00:00]} Nf6 {[%emt 0:00:00]} 5. Nc3 {[%emt 0:00:00]} a6 {[%emt 0:00:02]} 6. Be3 {[%emt 0:05:17]} e5 {[%emt 0:00:37]} 7. Nb3 {[%emt 0:04:31]} Be6 {[%emt 0:00:47]} 8. Be2 {[%emt 0:03:45]} Nbd7 {[%emt 0:01:29]} 9. O-O {[%emt 0:05:01]} Be7 {[%emt 0:00:58]} 10. Qd2 {[%emt 0:08:56]} O-O {[%emt 0:01:05]} 11. Rad1 {[%emt 0:02:31] B92: Sicilian Najdorf: 6 Be2.} Rc8 {[%emt 0:01:26]} 12. f4 {[%emt 0:10:08] [#]} Nb6 $2 $146 {[%emt 0:06:12]} (12... b5 $15 {keeps the upper hand.}) ({Predecessor:} 12... exf4 13. Bxf4 Ne5 14. Nd4 b5 15. Bxe5 dxe5 16. Nxe6 fxe6 17. Qxd8 Rfxd8 18. Rxd8+ Rxd8 19. Rd1 Bc5+ 20. Kh1 Bd4 21. Bf3 Rc8 22. h3 h5 23. Kh2 g5 24. Rd2 g4 25. hxg4 hxg4 26. Bd1 g3+ {0-1 (26) Schneider,L (1747)-Koch,M (2170) Wiesbaden 2015}) 13. f5 $2 {[%emt 0:08:49]} ({Only move:} 13. fxe5 $16 dxe5 14. Qxd8 {[%mdl 64] Remove Defender} Bxd8 15. Rxd8 {[%mdl 64] Remove Defender} Rfxd8 16. Bxb6) 13... Bc4 {[%emt 0:00:23]} 14. Rf3 {[%emt 0:04:54]} Bxe2 {[%emt 0:03:28]} 15. Qxe2 {[%emt 0:00:14]} Nc4 {[%emt 0:03:20]} 16. Bc1 {[%emt 0:01:46]} Qb6+ {[%emt 0:03:05]} 17. Kh1 {[%emt 0:00:17]} Qc6 {[%emt 0:00:53]} 18. Rh3 {[%emt 0:09:06]} Nb6 {[%emt 0:09:49]} 19. Qe1 {[%emt 0:04:55]} Rfd8 {[%emt 0:14:01]} 20. Qh4 {[%emt 0:05:15]} (20. g4 $14 {stays ahead.} d5 21. Na5) 20... d5 {[%emt 0:14:55]} 21. Bg5 $2 {[%emt 0:07:34] [#]} (21. g4 $15 d4 22. g5 dxc3 {[%mdl 64] Discovered Attack} 23. Re1) 21... dxe4 $2 {[%emt 0:02:38]} (21... d4 $1 $19 {[%cal Rd4c3]} 22. Bxf6 Bxf6 23. Qxh7+ Kf8) 22. Bxf6 {[%emt 0:03:37]} (22. Re1 $15) 22... Bxf6 {[%emt 0:09:05]} 23. Qxh7+ {[%emt 0:01:31]} Kf8 {[%emt 0:00:30]} 24. Qh5 {[%emt 0:01:26] [#]} Nc4 $1 {[%emt 0:03:02]} 25. Qe2 {[%emt 0:03:59]} (25. Qg4 $17) 25... Nxb2 {[%emt 0:05:51]} (25... e3 $17 26. Rd5 g5) 26. Rh8+ {[%emt 0:02:36]} Ke7 {[%emt 0:00:36]} 27. Rdxd8 {[%emt 0:01:13]} Rxd8 {[%emt 0:00:32]} 28. Rxd8 {[%emt 0:00:09]} Kxd8 {[%emt 0:00:41]} 29. Nxe4 {[%emt 0:00:39]} Be7 {[%emt 0:03:53]} 30. Qd2+ {[%emt 0:03:22]} Ke8 {[%emt 0:05:46]} 31. Qe2 {[%emt 0:01:38]} Nc4 {[%emt 0:02:52]} (31... Qc4 $17 32. Qxc4 Nxc4) 32. h3 {[%emt 0:00:26]} Na3 {[%emt 0:06:21]} 33. c3 {[%emt 0:00:28]} Nb5 {[%emt 0:01:30]} 34. c4 $11 {[%emt 0:00:43]} Na3 {[%emt 0:06:56]} 1/2-1/2

[Event "Int SVK-ch Open 2020"]
[Site "Drienica"]
[Date "2020.08.14"]
[Round "8.6"]
[White "Ferkova, Dominika"]
[Black "Kulich, Filip"]
[Result "1-0"]
[WhiteElo "2111"]
[BlackElo "1397"]
[Annotator "TA"]
[PlyCount "120"]
[EventDate "2020.08.07"]
[EventType "swiss"]
[EventCountry "SVK"]
[SourceTitle "playchess.com"]
[Source "ChessBase"]
[SourceQuality "1"]

{[%evp 17,120,15,19,11,53,54,49,48,52,50,45,47,57,26,25,21,17,0,0,0,0,-14,14,0,17,20,12,10,29,34,29,30,47,18,19,13,18,16,27,21,27,17,91,91,91,87,101,101,121,101,158,168,194,195,345,330,375,350,391,271,270,274,261,267,283,280,591,585,544,505,548,514,519,483,647,640,699,696,1025,1043,896,792,1340,1268,1713,1623,1469,1261,1938,1840,29980,29981,29981,29980,29979,29973,29987,29985,29990,29991,29992,29991,29991,29991,29991]} 1. d4 d5 2. c4 c6 3. Nc3 Nf6 4. Nf3 dxc4 5. a4 Bf5 6. e3 e6 7. Bxc4 Bb4 8. O-O O-O 9. Qe2 Bg4 10. Rd1 {D19: Slav Defence: 5 a4 Bf5 6 e3: Main line with 9 Qe2.} Bxf3 11. Qxf3 Nbd7 12. e4 {White is slightly better.} e5 {Black wants to play ...exd4.} 13. d5 {[#]} Rc8 $146 ({Predecessor:} 13... Qe7 14. Bg5 h6 15. Bh4 Qc5 16. dxc6 bxc6 17. Ba2 Qb6 18. Ne2 Bc5 19. Rd2 Bd4 20. Nxd4 exd4 21. Bxf6 Nxf6 {1-0 (31) Lobron,E (2580)-Huebner,R (2605) Garmisch Partenkirchen 1994}) 14. dxc6 Rxc6 15. Bb5 (15. Bd5 $5) 15... Rc7 $1 16. Na2 Bc5 17. Be3 Bxe3 18. Qxe3 a6 19. Be2 Rc2 20. b4 Qb6 21. Qxb6 Nxb6 22. Bd3 Rc7 23. a5 Nc8 24. Rac1 $36 {[%mdl 2048] White has some pressure.} Rxc1 25. Rxc1 Rd8 26. Kf1 Kf8 27. Ke2 Nd6 28. f3 Ke7 29. Rc7+ Rd7 (29... Nd7 $11) 30. Rc5 $16 {White stays focused until the end.} Ke6 31. Nc3 {Strongly threatening f4!} Nfe8 32. Nd5 g6 33. Bb1 Nb5 {[#]} (33... Rd8 $142) 34. Ba2 $1 {Threatens to win with Nb6+.} Kd6 35. Nb6 {[%cal Rb6c8]} Rd8 (35... Rc7 {might work better.} 36. Rd5+ Ke7) 36. Bxf7 $18 Nf6 37. Bd5 Rb8 38. Nc4+ Ke7 {intending ...Nd7.} 39. Nxe5 Nxd5 40. exd5 {[%mdl 4096] Endgame KRN-KRN} ({Inferior is} 40. Rxd5 Nc3+ 41. Kd3 Nxd5 $11) 40... Re8 41. Kd3 Nd6 $2 (41... Rf8 42. Ke3 Re8) 42. Rc7+ Kd8 43. Rd7+ {[%mdl 64] [#] Double Attack} Kc8 44. Rxd6 Rxe5 {KR-KR} 45. Kd4 Re2 46. Rf6 Rxg2 47. Kc5 Kd8 48. Kd6 {[%cal Rf6f8]} Ke8 49. Re6+ Kd8 50. Re7 Rxh2 51. Rxb7 {[%cal Rb7b8]} Kc8 52. Rc7+ Kd8 53. Ra7 {[%cal Ra7a8]} Kc8 54. Rxa6 {White mates.} g5 55. b5 {[%cal Bb4b5,Bb5b6][%mdl 32]} Rh6+ 56. Kc5 Rh4 57. b6 h5 58. Ra7 Rh1 59. Rc7+ Kd8 60. a6 Rc1+ {Accuracy: White = 92%, Black = 50%.} 1-0

[Event "Int SVK-ch Open 2020"]
[Site "Drienica"]
[Date "2020.08.15"]
[Round "8.6"]
[White "Majek, Kacper"]
[Black "Demeter, Peter"]
[Result "1-0"]
[WhiteElo "1970"]
[BlackElo "2139"]
[Annotator "ChessBase"]
[PlyCount "87"]
[EventDate "2020.08.07"]
[EventType "swiss"]
[EventCountry "SVK"]
[TimeControl "40/5400+30:1800+30"]

1. d4 {[%emt 0:00:00]} g6 {[%emt 0:00:00]} 2. c4 {[%emt 0:00:00]} Nf6 {[%emt 0:00:06]} 3. Nf3 {[%emt 0:00:00]} Bg7 {[%emt 0:00:07]} 4. Nc3 {[%emt 0:01:44]} c5 {[%emt 0:01:15]} 5. d5 {[%emt 0:00:09]} d6 {[%emt 0:00:05]} 6. e4 {[%emt 0:00:11]} O-O {[%emt 0:00:07]} 7. Be2 {[%emt 0:00:32]} b5 {[%emt 0:01:03]} 8. cxb5 {[%emt 0:00:34]} a6 {[%emt 0:00:06]} 9. O-O {[%emt 0:00:12]} axb5 {[%emt 0:02:06]} 10. Bxb5 {[%emt 0:00:05]} Ba6 {[%emt 0:00:06]} 11. Bxa6 {[%emt 0:05:11]} Nxa6 {[%emt 0:00:07]} 12. Qe2 {[%emt 0:02:35]} Nd7 {[%emt 0:00:18]} 13. Bf4 {[%emt 0:01:20]} Qb8 {[%emt 0:11:17]} 14. Rfe1 {[%emt 0:01:48]} f6 {[%emt 0:05:29]} 15. h4 {[%emt 0:05:23]} Qe8 {[%emt 0:07:22]} 16. Nd2 {[%emt 0:03:42]} Qf7 {[%emt 0:09:19]} 17. Nc4 {[%emt 0:00:59]} h5 {[%emt 0:04:54]} 18. Qd2 {[%emt 0:10:12]} Nc7 {[%emt 0:04:33]} 19. Re2 {[%emt 0:17:37]} Rfb8 {[%emt 0:00:22]} 20. Bg3 {[%emt 0:02:30]} Rb4 {[%emt 0:02:40]} 21. Qd3 {[%emt 0:10:11]} Ne5 {[%emt 0:05:20]} 22. Bxe5 {[%emt 0:00:08]} fxe5 {[%emt 0:04:22]} 23. a3 {[%emt 0:09:54]} Rbb8 {[%emt 0:00:29]} 24. Qh3 {[%emt 0:00:00]} Ra7 {[%emt 0:07:15]} 25. Rd1 {[%emt 0:01:01]} Bf6 {[%emt 0:04:10]} 26. Rd3 {[%emt 0:02:33]} Bg7 {[%emt 0:00:53]} 27. Rf3 {[%emt 0:01:37]} Qe8 {[%emt 0:00:19]} 28. g4 {[%emt 0:02:20]} Qd7 {[%emt 0:02:51]} 29. Rg3 {[%emt 0:00:10]} Bh6 {[%emt 0:02:32]} 30. Qg2 {[%emt 0:00:55]} Bf4 {[%emt 0:01:01]} 31. gxh5 {[%emt 0:00:55]} Bxg3 {[%emt 0:03:03]} 32. Qxg3 {[%emt 0:00:00]} e6 {[%emt 0:00:30]} 33. hxg6 {[%emt 0:02:29]} exd5 {[%emt 0:22:23]} 34. exd5 {[%emt 0:20:03]} Rf8 {[%emt 0:00:30]} 35. Re4 {[%emt 0:00:30]} Ne8 {[%emt 0:00:30]} 36. h5 {[%emt 0:00:30]} Qf5 {[%emt 0:00:30]} 37. h6 {[%emt 0:00:30]} Rf6 {[%emt 0:00:30]} 38. Rg4 {[%emt 0:00:30]} Qf3 {[%emt 0:00:30]} 39. Ne4 {[%emt 0:00:30]} Qd1+ {[%emt 0:00:30]} 40. Kh2 {[%emt 0:00:30]} Rf4 {[%emt 0:00:30]} 41. Ne3 {[%emt 0:30:30]} Qd4 {[%emt 0:30:30]} 42. Rxf4 {[%emt 0:00:30]} exf4 {[%emt 0:00:30]} 43. Qxf4 {[%emt 0:00:30]} Rb7 {[%emt 0:00:30]} 44. h7+ {[%emt 0:00:30]} 1-0

[Event "Int SVK-ch Open 2020"]
[Site "Drienica"]
[Date "2020.08.14"]
[Round "8.6"]
[White "Majek, Kacper"]
[Black "Demeter, Peter"]
[Result "1-0"]
[WhiteElo "1970"]
[BlackElo "2139"]
[Annotator "ChessBase"]
[PlyCount "65"]
[EventDate "2020.08.07"]
[EventType "swiss"]
[EventCountry "SVK"]
[SourceTitle "playchess.com"]
[Source "ChessBase"]
[SourceQuality "1"]
[TimeControl "40/5400+30:1800+30"]

1. d4 {[%emt 0:00:00]} g6 {[%emt 0:00:00]} 2. c4 {[%emt 0:00:00]} Nf6 {[%emt 0:00:06]} 3. Nf3 {[%emt 0:00:00]} Bg7 {[%emt 0:00:07]} 4. Nc3 {[%emt 0:01:44]} c5 {[%emt 0:01:15]} 5. d5 {[%emt 0:00:09]} d6 {[%emt 0:00:05]} 6. e4 {[%emt 0:00:11]} O-O {[%emt 0:00:07]} 7. Be2 {[%emt 0:00:32]} b5 {[%emt 0:01:03]} 8. cxb5 {[%emt 0:00:34]} a6 {[%emt 0:00:06]} 9. O-O {[%emt 0:00:12]} axb5 {[%emt 0:02:06]} 10. Bxb5 {[%emt 0:00:05]} Ba6 {[%emt 0:00:06]} 11. Bxa6 {[%emt 0:05:11]} Nxa6 {[%emt 0:00:07]} 12. Qe2 {[%emt 0:02:35]} Nd7 {[%emt 0:00:18]} 13. Bf4 {[%emt 0:01:20]} Qb8 {[%emt 0:11:17]} 14. Rfe1 {[%emt 0:01:48]} f6 {[%emt 0:05:29]} 15. h4 {[%emt 0:05:23]} Qe8 {[%emt 0:07:22]} 16. Nd2 {[%emt 0:03:42]} Qf7 {[%emt 0:09:19]} 17. Nc4 {[%emt 0:00:59]} h5 {[%emt 0:04:54]} 18. Qd2 {[%emt 0:10:12]} Nc7 {[%emt 0:04:33]} 19. Re2 {[%emt 0:17:37]} Rfb8 {[%emt 0:00:22]} 20. Bg3 {[%emt 0:02:30]} Rb4 {[%emt 0:02:40]} 21. Qd3 {[%emt 0:10:11]} Ne5 {[%emt 0:05:20]} 22. Bxe5 {[%emt 0:00:08]} fxe5 {[%emt 0:04:22]} 23. Qh3 {[%emt 0:09:54]} Rbb8 {[%emt 0:00:29]} 24. Qd3 {[%emt 0:00:00]} Ra7 {[%emt 0:07:15]} 25. Rd1 {[%emt 0:01:01]} Bf6 {[%emt 0:04:10]} 26. Qh3 {[%emt 0:02:33]} Bg7 {[%emt 0:00:53]} 27. Rd3 {[%emt 0:01:37]} Qe8 {[%emt 0:00:19]} 28. Rf3 {[%emt 0:02:20]} Qd7 {[%emt 0:02:51]} 29. g4 {[%emt 0:00:10]} Bh6 {[%emt 0:02:32]} 30. Rg3 {[%emt 0:00:55]} Bf4 {[%emt 0:01:01]} 31. Qg2 {[%emt 0:00:55]} Bxg3 {[%emt 0:03:03]} 32. gxh5 {[%emt 0:00:00]} e6 {[%emt 0:00:30]} 33. hxg6 {[%emt 0:02:29]} 1-0

[Event "Int SVK-ch Open 2020"]
[Site "Drienica"]
[Date "2020.08.15"]
[Round "8.7"]
[White "Frink, Ferenc"]
[Black "Varga, Lukas"]
[Result "1-0"]
[WhiteElo "2075"]
[BlackElo "2040"]
[Annotator "TA"]
[PlyCount "103"]
[EventDate "2020.08.07"]
[EventType "swiss"]
[EventCountry "SVK"]

{[%evp 9,103,-61,-68,-48,-24,-58,0,-4,12,3,8,-3,10,0,58,-7,18,-35,0,0,16,-118,-120,-114,-110,-82,-85,-149,-133,-186,-141,-145,-152,-167,-122,-121,-122,-177,638,-175,-69,-168,-152,-217,-208,-216,-208,-209,-201,-261,-265,-403,-259,-290,-199,-200,-166,-156,-97,-220,-87,-94,-89,-1061,154,113,116,155,142,139,149,133,115,166,152,156,527,520,527,523,521,503,494,494,410,283,736,722,768,740,1477,1017,916,430,6079,5711]} 1. e4 c5 2. b4 cxb4 3. a3 d5 4. e5 Nc6 5. d4 Qb6 6. Be3 {B20: Sicilian: Unusual White 2nd moves.} Nh6 7. Bd3 {[#]} bxa3 $146 (7... Ng4 $15 8. axb4 Qxb4+ 9. Qd2 Qxd2+ 10. Nxd2 f6) ({Predecessor:} 7... Bg4 8. Qd2 bxa3 9. Bxh6 Qb2 10. Rxa3 Qxb1+ 11. Qc1 Qxc1+ 12. Bxc1 Nxd4 13. Ra4 Nxc2+ 14. Bxc2 {1-0 (43) Frink,F (2082)-Langner,L (2353) Tatranske Zruby 2013}) 8. Nxa3 $11 {The position is equal.} Nf5 9. c3 Bd7 10. Ne2 a6 11. O-O e6 (11... Nxe3 $11 12. fxe3 e6) 12. Nc2 (12. Bxf5 $14 Bxa3 13. Rxa3 exf5 14. c4) 12... Na5 13. g4 (13. Ng3 $11) 13... Ne7 14. f4 h5 15. h3 (15. Rb1 $11 Qc6 16. f5) 15... hxg4 $17 16. hxg4 Bb5 17. Bxb5+ Qxb5 18. Rb1 ({Better is} 18. f5) 18... Qd7 19. Qd3 (19. Ng3 $17 {was worth a try.}) 19... g6 20. Kg2 Nc4 21. Ng3 Bg7 22. Bc1 Nc6 23. Rh1 (23. Ne3 $17) 23... Rh4 $4 {[%mdl 8192]} (23... Rxh1 $19 24. Nxh1 O-O-O) 24. Rf1 $4 {[%mdl 8192]} (24. Rxh4 $18 O-O-O 25. Ne4 $1 {[%mdl 512]}) 24... Rh8 (24... O-O-O $19 25. Rh1 Rxh1 26. Nxh1 Rh8) 25. Ba3 (25. Ne3 $1 $15) 25... O-O-O $19 26. Bc5 (26. Rh1 $17 {was called for.}) 26... Rh4 27. Rh1 Rdh8 $1 (27... Rxg4 28. Qf3 $11) 28. Rxh4 Rxh4 29. Qe2 Qd8 30. Ne1 (30. Rd1 $142) 30... Bf8 {Strongly threatening ...Bxc5.} 31. Nd3 b6 32. Qa2 a5 33. Qa4 Kc7 ({Black should play} 33... Nb8 $1 34. Nf2 Rh8) 34. Qb5 (34. Qxc4 $17 Rh2+ 35. Kf3 dxc4 36. Bxb6+ Kc8 37. Bxd8 cxd3 38. Bg5) 34... Bxc5 (34... Qb8 $19 {has better winning chances.} 35. Ne2 Bxc5 36. dxc5 Qh8 37. cxb6+ Kd7) 35. dxc5 $17 Qb8 {...g5 is the strong threat.} 36. Ne2 $2 {[%mdl 8192]} (36. g5 $17) 36... Na7 $2 ({Black should try} 36... Qh8 $1 $19 {( -> ...Rh2+)} 37. Nf2 Rh2+ 38. Kg1 Qh4 39. cxb6+ Kb7 40. Qc5 d4 $1 {[%mdl 512]} 41. Qxc6+ Kxc6 42. Nxd4+ Kd7 43. Ne4 Ne3 44. Nf6+ Ke7 45. Ng8+ Kf8 $1 {[%mdl 512]} 46. Nxe6+ fxe6 47. g5 Rh1#) 37. Qa6 $1 $16 b5 ({Not} 37... Rxg4+ $2 38. Kh3 $18) 38. Nd4 $1 {[%cal Rd4b5]} Qb7 39. Qxa7 $1 {[%mdl 64] Remove Defender, Decoy} Qxa7 40. Nxb5+ {[%mdl 64] Double Attack} Kb8 41. Nxa7+ Kxa7 {[%mdl 4096] Endgame KRN-KRN} 42. c6 a4 $2 {[#]} (42... Nb6 $16 {is a better chance.}) 43. Rb7+ $1 $18 Ka8 44. Nc5 {Threatening mate with Na6.} Rh8 45. Nxa4 Rc8 46. Rxf7 Rxc6 47. Rg7 Nd2 $2 (47... Ra6 48. Nc5 (48. Rxg6 Rxa4 49. Rxe6 Kb7 $16) 48... Rc6) 48. Rxg6 {White is clearly winning.} Ne4 49. f5 Ra6 50. fxe6 {e7! would kill now.} Kb7 {[#]} 51. Rg7+ (51. Nb6 $142 $1 {[%mdl 512] Hoping for e7.} Rxb6 52. e7 Rxg6 53. e8=Q Rxg4+ 54. Kf3) 51... Kc8 (51... Kc6 $142 52. Rg8 Ra7) 52. Rg8+ {What a bad dream for Black. Accuracy: White = 54%, Black = 38%.} 1-0

[Event "Int SVK-ch Open 2020"]
[Site "Drienica"]
[Date "2020.08.14"]
[Round "8.7"]
[White "Sedlakova, Ivana"]
[Black "Soldan, Jan"]
[Result "1-0"]
[WhiteElo "1983"]
[BlackElo "1783"]
[Annotator "ChessBase"]
[PlyCount "41"]
[EventDate "2020.08.07"]
[EventType "swiss"]
[EventCountry "SVK"]
[SourceTitle "playchess.com"]
[Source "ChessBase"]
[SourceQuality "1"]
[TimeControl "40/5400+30:1800+30"]

1. d4 {[%emt 0:00:00]} Nf6 {[%emt 0:00:00]} 2. c4 {[%emt 0:00:00]} g6 {[%emt 0:00:00]} 3. Nc3 {[%emt 0:00:00]} d5 {[%emt 0:00:02]} 4. cxd5 {[%emt 0:00:16]} Nxd5 {[%emt 0:00:06]} 5. e4 {[%emt 0:00:02]} Nxc3 6. bxc3 Bg7 {[%emt 0:01:02]} 7. Bc4 {[%emt 0:00:32]} c5 {[%emt 0:00:33]} 8. Ne2 {[%emt 0:00:03]} O-O {[%emt 0:00:56]} 9. O-O {[%emt 0:00:00]} Nc6 {[%emt 0:00:23]} 10. Be3 {[%emt 0:00:11]} cxd4 {[%emt 0:07:51]} 11. cxd4 {[%emt 0:00:07]} a6 {[%emt 0:01:43]} 12. Rc1 {[%emt 0:04:27]} e6 {[%emt 0:01:32]} 13. d5 {[%emt 0:15:46]} exd5 {[%emt 0:01:08]} 14. Bxd5 {[%emt 0:02:25]} Ne7 {[%emt 0:07:22]} 15. Bc5 Re8 {[%emt 0:01:20]} 16. Bb3 {[%emt 0:06:01]} Bd7 {[%emt 0:00:25]} 17. Nf4 {[%emt 0:04:57]} Bc6 {[%emt 0:04:59]} 18. Bxf7+ Kxf7 {[%emt 0:04:05]} 19. Qb3+ {[%emt 0:16:20]} Bd5 {[%emt 0:01:40]} 20. exd5 {[%emt 0:00:15]} Nxd5 {[%emt 0:13:53]} 21. Nxd5 {[%emt 0:00:15]} 1-0

[Event "Int SVK-ch Open 2020"]
[Site "Drienica"]
[Date "2020.08.15"]
[Round "8.8"]
[White "Panko Eduard st."]
[Black "Kolesar, Milan"]
[Result "0-1"]
[WhiteElo "1958"]
[BlackElo "2186"]
[Annotator "ChessBase"]
[PlyCount "100"]
[EventDate "2020.08.07"]
[EventType "swiss"]
[EventCountry "SVK"]
[TimeControl "40/5400+30:1800+30"]

1. e4 {[%emt 0:00:00]} c5 {[%emt 0:00:00]} 2. Nf3 {[%emt 0:00:14]} d6 {[%emt 0:00:00]} 3. c3 {[%emt 0:00:52]} Nf6 {[%emt 0:00:00]} 4. Bd3 {[%emt 0:00:55]} Nc6 {[%emt 0:00:34]} 5. Bc2 {[%emt 0:00:27]} g6 {[%emt 0:00:43]} 6. O-O {[%emt 0:01:21]} Bg7 {[%emt 0:00:05]} 7. Re1 {[%emt 0:00:29]} O-O {[%emt 0:00:31]} 8. d3 {[%emt 0:00:18]} b5 {[%emt 0:08:26]} 9. Nbd2 {[%emt 0:01:30]} b4 {[%emt 0:01:21]} 10. Nf1 {[%emt 0:09:47]} Bg4 {[%emt 0:05:22]} 11. N1d2 {[%emt 0:01:32]} Nd7 {[%emt 0:02:02]} 12. c4 {[%emt 0:09:06]} Nde5 {[%emt 0:05:36]} 13. h3 {[%emt 0:00:39]} Nxf3+ {[%emt 0:00:57]} 14. Nxf3 {[%emt 0:00:06]} Bxf3 {[%emt 0:00:43]} 15. Qxf3 {[%emt 0:00:04]} a5 {[%emt 0:04:32]} 16. Ba4 {[%emt 0:02:14]} Nd4 {[%emt 0:02:48]} 17. Qd1 {[%emt 0:00:20]} Qb6 {[%emt 0:01:12]} 18. Rb1 {[%emt 0:02:36]} Ra7 {[%emt 0:11:31]} 19. Be3 {[%emt 0:00:36]} Ne6 {[%emt 0:00:14]} 20. Qd2 {[%emt 0:03:08]} Bd4 {[%emt 0:02:38]} 21. Bh6 {[%emt 0:05:53]} Bg7 {[%emt 0:05:55]} 22. Be3 {[%emt 0:09:11]} Rb8 {[%emt 0:01:46]} 23. Kh1 {[%emt 0:02:20]} Qd8 {[%emt 0:02:21]} 24. Rf1 {[%emt 0:01:15]} Qf8 {[%emt 0:04:27]} 25. f4 {[%emt 0:01:30]} Bd4 {[%emt 0:05:16]} 26. f5 {[%emt 0:05:55]} Bxe3 {[%emt 0:00:06]} 27. Qxe3 {[%emt 0:00:07]} Nd4 {[%emt 0:00:54]} 28. b3 {[%emt 0:00:58]} f6 {[%emt 0:01:49]} 29. Rf2 {[%emt 0:01:29]} Qg7 {[%emt 0:00:57]} 30. Rg1 {[%emt 0:05:08]} Kh8 {[%emt 0:01:12]} 31. g4 {[%emt 0:01:41]} Rg8 {[%emt 0:02:02]} 32. Rfg2 {[%emt 0:00:44]} Qf7 {[%emt 0:04:48]} 33. Qf4 {[%emt 0:03:13]} Raa8 {[%emt 0:01:55]} 34. Rf2 {[%emt 0:03:14]} Rg7 {[%emt 0:02:24]} 35. Qe3 {[%emt 0:19:30]} Rag8 {[%emt 0:00:49]} 36. Rfg2 {[%emt 0:01:14]} g5 {[%emt 0:07:08]} 37. Kh2 {[%emt 0:01:49]} h5 {[%emt 0:02:10]} 38. Kg3 {[%emt 0:02:37]} Rh7 {[%emt 0:02:26]} 39. Rh2 {[%emt 0:01:04]} hxg4 {[%emt 0:00:32]} 40. hxg4 {[%emt 0:00:09]} Rxh2 {[%emt 0:00:07]} 41. Kxh2 {[%emt 0:30:23]} Rg7 {[%emt 0:30:06]} 42. Qf2 {[%emt 0:00:00]} Rh7+ {[%emt 0:00:00]} 43. Kg2 {[%emt 0:00:00]} Rh4 {[%emt 0:00:00]} 44. Rh1 {[%emt 0:00:00]} Qh7 {[%emt 0:00:00]} 45. Rxh4 {[%emt 0:00:00]} Qxh4 {[%emt 0:00:00]} 46. Be8 {[%emt 0:00:13]} Qxg4+ {[%emt 0:00:00]} 47. Kf1 {[%emt 0:01:43]} Qd1+ {[%emt 0:00:00]} 48. Kg2 {[%emt 0:00:24]} Qxd3 {[%emt 0:00:00]} 49. Bg6 {[%emt 0:01:25]} Qxe4+ {[%emt 0:00:00]} 50. Kf1 {[%emt 0:01:31]} Qh1+ {[%emt 0:00:00]} 0-1